00591cam a2200217 a 4500001000800000005001700008008004100025010001700066020001500083040002300098041000800121060001700129080001500146082001900161100000600180101000800186240002600194245008500220504004100305740002700346382403620171221080752.0860709s1987 moua b 001 0 eng c a 86016180  a0801635640 aDNLM/DLCcDLCdDLC aeng aWW 103 A237p a612.84 MOS00a612.84 MOS2191 a8 aOFT10aPhysiology of the eye10aAdler's physiology of the eye :cedited by Robert A. Moses, William M. Hart, Jr. aIncludes bibliographies and indexes.0 aPhysiology of the eye.